Vivante Egypte : de Gizeh a Philae /

محفوظ في:

المؤلف الرئيسي: Quentin, Florence,‏ 1960- (مؤلف)

التنسيق: كتاب

اللغة: French

منشور في: Paris : Desclée de Brouwer, [2015].

سلاسل: Arpwnter le sacre.

الموضوعات:

الوسوم: إضافة وسم

لا توجد وسوم, كن أول من يضع وسما على هذه التسجيلة!

رقم الطلب: DT56.2 .Q458 2015

LEADER 00705namaa2200241 4500
003 OSt
005 20260329124700.0
008 130303t20152015fr b b 000 0 fre d
020 |a 9782220067438 
040 |c ARCE Library 
043 |a f-ua--- 
050 4 |a DT56.2 .Q458 2015 
100 1 |a Quentin, Florence,‏   |d 1960-,   |e author 
245 1 0 |a Vivante Egypte :  |b de Gizeh a Philae /  |c Florence Quentin. 
264 1 |a Paris :  |b Desclée de Brouwer,   |c [2015]. 
264 4 |c ©2015. 
300 |a 221 pages :  |b maps ;  |c 24 cm. 
490 0 |a Arpwnter le sacre. 
504 |a Includes bibliographical references. 
651 0 |a Egypt  |x Description and travel. 
901 |a reviewed 
942 |c BK  |2 lcc 
999 |c 1397  |d 1397